000
00358nam a2200169Ia 4500
100
_a
Askeland/D.R/ Phule/P.P
250
_a
5
942
_c
BK
366
_f
17.5
654
_a
materials
245
_a
The science and Engineering of Materials
260
_b
Cengage Learning
_c
2006
082
_b
ASK
300
_a
863
546
_a
ENGLISH
999
_c
28547
_d
28547